000 01144cab a2200253 4500
001 ABS46161
008 090401t xxu||||| |||| 00| 0 eng d
035 _a(Sirsi) u57020
041 _aeng
100 _aCrosby, N.
245 _aOver-rented freehold investment property valuations
260 _c10(2) Winter 1991/92, 517-524(5)
350 _a0
490 _aJournal of Property Valuation and Investment
_v10(2) Winter 1991/92, 517-524(5)
520 _aExamines the valuation difficulties which have arisen as a result of the falls in rental values during the early part of the 1990s. Considers two particular overage cases. First those caused by the rent passing being above rental value on a normal rent review pattern because of a letting on an abnormal review pattern and second the straightforward case of a fall in rental value since the last rent revision. (Based on journal abstract)
650 _aABNORMAL RENT REVIEW PATTERNS
650 _aOVER-RENTED PROPERTY
650 _aOVERAGE RENTS
650 _aRENT REVIEWS
650 _aValuation
_96273
690 _aRATING AND VALUATION
942 _n0
948 _c04/03/1997
999 _c34771
_d34771